Countries with the Longest One-Word City Names - Statistics

General Stats
  • This quiz has been taken 65 times
  • The average score is 9 of 11
Answer Stats
City Letters Country % Correct
Schmedeswurtherwesterdeich 26 Germany
96%
Svalbarðsstrandarhreppur 24 Iceland
96%
Kvernbergsundsødegården 23 Norway
96%
Llanfairpwllgwyngyllgogerychwyrndrobwllllantysiliogogogoch 58 Wales
96%
Äteritsiputeritsipuolilautatsijänkä 35 Finland
91%
Yamagawahamachiyogamizu 23 Japan
82%
Gasselterboerveenschemond 25 Netherlands
82%
Parangaricutirimicuaro 22 Mexico
75%
Jászfelsőszentgyörgy 20 Hungary
73%
Azpilicuetagaraycosaroyarenberecolarrea 39 Spain
71%
Muckanaghederdauhaulia 22 Ireland
45%
No matching quizzes found
Score Distribution
Percent of People with Each Score
Percentile by Number Answered
Your Score History
You have not taken this quiz